A dictionary of battles. (Record no. 551697)

000 -LEADER
fixed length control field 00499cam a2200157 4500
020 ## - INTERNATIONAL STANDARD BOOK NUMBER
International Standard Book Number 004900008X
082 00 - DEWEY DECIMAL CLASSIFICATION NUMBER
Classification number 355.403
Author Mark EGG
-- L-30-II, P-75
100 1# - MAIN ENTRY--PERSONAL NAME
Personal name Eggenberger, David.
9 (RLIN) 48710
245 12 - TITLE STATEMENT
Title A dictionary of battles.
260 ## - PUBLICATION, DISTRIBUTION, ETC.
Place of publication, distribution, etc. London,
Name of publisher, distributor, etc. Allen & Unwin,
Date of publication, distribution, etc. 1967.
300 ## - PHYSICAL DESCRIPTION
Extent xi, 526 p.
Other physical details maps (some col.), plans (some col.)
Dimensions 26 cm.
526 ## - STUDY PROGRAM INFORMATION NOTE
Program name 0
Interest level 0
Reading level 0
Title point value 355_403000000000000_EGG
526 ## - STUDY PROGRAM INFORMATION NOTE
Program name 0
Interest level 0
Reading level 0
Title point value 355_403000000000000_EGG
650 #0 - SUBJECT ADDED ENTRY--TOPICAL TERM
Topical term or geographic name entry element Battles
General subdivision Dictionaries.
9 (RLIN) 48830
942 ## - ADDED ENTRY ELEMENTS (KOHA)
Source of classification or shelving scheme
Koha item type Book
Holdings
Withdrawn status Lost status Source of classification or shelving scheme Damaged status Not for loan Permanent Location Current Location Date acquired Total Checkouts Full call number Barcode Date last seen Price effective from Koha item type
          Military College of Engineering (MCE) Military College of Engineering (MCE) 12/24/2014   355.403 EGG MCE-8551 12/24/2014 12/24/2014 Book
          Military College of Engineering (MCE) Military College of Engineering (MCE) 12/24/2014   355.403 EGG MCE-8552 12/24/2014 03/14/2021 Book
© 2023 Central Library, National University of Sciences and Technology. All Rights Reserved.